Filosofía política /

Guardado en:
Autor Principal: García, Pablo
Formato: Deslizar
Series:Grandes ideas de la filosofía
Materias:
Etiquetas: Agregar Etiqueta
Sin Etiquetas, Sea el primero en etiquetar este registro!
LEADER 01134ngm a22003615g 4500
001 CEM.cems022679
008 130507b2004##################0###0#####d
005 20241113180718.0
245 1 0 |a Filosofía política /  |c Pablo García. 
300 |a 46' 
490 0 |a Grandes ideas de la filosofía 
500 |a En soporte VHS, consultar en ventanilla. 
505 0 |a Filosofía moral y política. La República: causalidad aristotélica, Iglesia y Estado. Positivismo. Humanismo. Materialismo dialéctico. Utilitarismo. 
538 |a Soporte: VHS - Norma: Pal N - Color: Si - Grabación DRD 2004 - Hitachi=0000 
100 1 |a García, Pablo 
082 1 0 |/ GAR 
653 |a FILOSOFIA 
653 |a POLITICA 
653 |a SOCIEDAD 
653 |a INDIVIDUO 
653 |a MORAL 
653 |a IGLESIA 
653 |a ESTADO 
653 |a ARISTOTELES 
653 |a MATERIALISMO 
653 |a UTILITARISMO 
653 |a ROUSSEAU 
653 |a HUMANISMO 
653 |a HEGEL 
653 |a ETICA 
653 |a NIVEL PRIMARIO 
653 |a NIVEL SECUNDARIO 
859 |a CEMS  |b BIB. CEMS - Depto. Recursos Didacticos  |h 100  |i GAR  |k DRD  |p 1322.12  |t Ej.1